[Event "Oberliga Ost-B 0607"]
[Site "Germany"]
[Date "2007.02.04"]
[Round "5.7"]
[White "Rapoport, Vladimir"]
[Black "Kaulfuss, Helmut"]
[Result "0-1"]
[WhiteElo "2293"]
[BlackElo "2197"]
[PlyCount "142"]
[EventDate "2006.10.15"]
[EventType "team-tourn"]
[EventRounds "11"]
[EventCountry "GER"]
[SourceTitle "EXT 2008"]
[Source "ChessBase"]
[SourceDate "2007.11.25"]
[SourceVersion "1"]
[SourceVersionDate "2007.11.25"]
[SourceQuality "1"]
[WhiteTeam "Oberursel"]
[BlackTeam "Hofheim II"]
[WhiteTeamCountry "GER"]
[BlackTeamCountry "GER"]

1. Nf3 Nc6 2. g3 d6 3. Bg2 g6 4. e4 Bg7 5. 0-0 e5 6. c3 Nge7 7. h3 0-0 8. d4 h6 9. dxe5 dxe5 10. Qe2 Be6 11. Rd1 Qc8 12. Kh2 Rd8 13. Rxd8+ Qxd8 14. Be3 Qd7 15. Qd2 Qxd2 16. Nbxd2 Rd8 17. Bf1 f6 18. Bc4 Kf7 19. Kg2 Nc8 20. Bxe6+ Kxe6 21. g4 Nd6 22. Nh4 Kf7 23. Kf3 Bf8 24. Ke2 Be7 25. Nhf3 Rh8 26. Rg1 a6 27. h4 h5 28. g5 f5 29. exf5 Nxf5 30. Ne4 Rd8 31. a3 Ke6 32. Bc5 b6 33. Bxe7 Ncxe7 34. Nf6 Nd5 35. Nxd5 Rxd5 36. Rh1 e4 37. Ne1 Ke5 38. Ng2 Rd3 39. Rd1 Rh3 40. Rd8 Nxh4 41. Re8+ Kf5 42. Ne3+ Kxg5 43. Rxe4 Nf5 44. Nxf5 Kxf5 45. Re7 Rh4 46. Rxc7 Re4+ 47. Kf3 Re6 48. c4 Rd6 49. c5 Rd3+ 50. Kg2 Rb3 51. cxb6 Rxb2 52. b7 Kg5 53. Rc5+ Kh6 54. Rc7 Rb3 55. a4 a5 56. Kh2 Rb2 57. Kg3 Rb4 58. f3 Rb3 59. Re7 Rb4 60. Rd7 h4+ 61. Kh3 g5 62. Rf7 Kg6 63. Rc7 Rb3 64. Kg2 Rb2+ 65. Kg1 h3 66. Kh1 Kf6 67. Rc6+ Kf7 68. Rc7+ Kf6 69. Kg1 Kg6 70. Rc6+ Kf7 71. Rc5 Rxb7 0-1

[Event "Oberliga Ost-B 0607"]
[Site "Germany"]
[Date "2006.11.18"]
[Round "2.6"]
[White "Kaulfuss, Helmut"]
[Black "Schnitzspan, Lothar"]
[Result "1/2-1/2"]
[WhiteElo "2197"]
[BlackElo "2296"]
[PlyCount "70"]
[EventDate "2006.10.15"]
[EventType "team-tourn"]
[EventRounds "11"]
[EventCountry "GER"]
[SourceTitle "EXT 2008"]
[Source "ChessBase"]
[SourceDate "2007.11.25"]
[SourceVersion "1"]
[SourceVersionDate "2007.11.25"]
[SourceQuality "1"]
[WhiteTeam "Hofheim II"]
[BlackTeam "Griesheim"]
[WhiteTeamCountry "GER"]
[BlackTeamCountry "GER"]

1. e4 c5 2. d3 Nc6 3. Nd2 Nf6 4. f4 d5 5. e5 Ng4 6. Ndf3 h5 7. g3 Qb6 8. h3 Nh6 9. Ne2 Nf5 10. Bg2 d4 11. a3 f6 12. exf6 exf6 13. 0-0 Be6 14. b3 Be7 15. g4 hxg4 16. hxg4 Nh4 17. Nxh4 Rxh4 18. f5 Bf7 19. Ng3 0-0-0 20. Bf4 Rdh8 21. Qf3 Bd8 22. Ne4 Bc7 23. Nd6+ Bxd6 24. Bxd6 Ne5 25. Bxe5 fxe5 26. Rae1 Be8 27. Qg3 Bc6 28. Rxe5 Bxg2 29. Kxg2 Qc6+ 30. Re4 Qh6 31. g5 Rh2+ 32. Kf3 Qc6 33. Qe5 R8h3+ 34. Kg4 Rh4+ 35. Kg3 R4h3+ 1/2-1/2

[Event "Hennebont Grand Prix"]
[Site "Hennebont"]
[Date "2006.08.06"]
[Round "4"]
[White "Chabanon, Jean Luc"]
[Black "Kaulfuss, Helmut"]
[Result "1-0"]
[WhiteElo "2404"]
[BlackElo "2197"]
[PlyCount "109"]
[EventDate "2006.08.05"]
[EventType "swiss"]
[EventRounds "7"]
[EventCountry "FRA"]
[SourceTitle "EXT 2007"]
[Source "ChessBase"]
[SourceDate "2006.11.23"]
[SourceVersion "1"]
[SourceVersionDate "2006.11.23"]
[SourceQuality "1"]

1. d4 Nc6 2. Nf3 d6 3. d5 Ne5 4. Nxe5 dxe5 5. e4 Nf6 6. Bb5+ Bd7 7. Qe2 a6 8. Bxd7+ Qxd7 9. Bg5 Qg4 10. Qxg4 Nxg4 11. c4 Nf6 12. Nc3 e6 13. dxe6 fxe6 14. Be3 Bb4 15. f3 0-0-0 16. Ke2 Bxc3 17. bxc3 Rd6 18. Rab1 Rhd8 19. Rb4 b6 20. Rhb1 Rc6 21. c5 bxc5 22. Rb8+ Kd7 23. Rd1+ Rd6 24. Rxd8+ Kxd8 25. Bxc5 Rxd1 26. Kxd1 Kd7 27. Bf8 Ne8 28. Ke2 Kc6 29. c4 g6 30. Kd3 Nf6 31. Bg7 Nd7 32. Kc3 Kc5 33. g3 h5 34. Bh6 Kc6 35. Bc1 Nc5 36. Be3 Na4+ 37. Kb3 Nc5+ 38. Kc2 Nb7 39. Bc1 Nd6 40. Kd3 Nb7 41. Bb2 Kd6 42. Ke3 Na5 43. Ba3+ c5 44. Kd3 Nc6 45. f4 exf4 46. gxf4 Nb4+ 47. Bxb4 cxb4 48. Kd4 a5 49. c5+ Kc6 50. Kc4 h4 51. h3 e5 52. f5 gxf5 53. exf5 e4 54. f6 e3 55. Kd3 1-0

[Event "Hennebont Grand Prix"]
[Site "Hennebont"]
[Date "2006.08.06"]
[Round "6"]
[White "Stephan, Victor"]
[Black "Kaulfuss, Helmut"]
[Result "1/2-1/2"]
[WhiteElo "2020"]
[BlackElo "2197"]
[PlyCount "77"]
[EventDate "2006.08.05"]
[EventType "swiss"]
[EventRounds "7"]
[EventCountry "FRA"]
[SourceTitle "EXT 2007"]
[Source "ChessBase"]
[SourceDate "2006.11.23"]
[SourceVersion "1"]
[SourceVersionDate "2006.11.23"]
[SourceQuality "1"]

1. e4 Nc6 2. Nf3 d6 3. d4 Nf6 4. Nc3 e6 5. Bf4 Be7 6. Bd3 a6 7. 0-0 b5 8. e5 Nd5 9. Be4 Ndb4 10. d5 exd5 11. Nxd5 Nxd5 12. Bxd5 Bb7 13. Nd4 Na5 14. Bxb7 Nxb7 15. Nc6 Qd7 16. Nxe7 Kxe7 17. exd6+ Nxd6 18. Re1+ Kf8 19. Qd5 Rd8 20. Rad1 h6 21. Rd4 Kg8 22. Red1 Kh7 23. Bxd6 cxd6 24. Qe4+ g6 25. Qf4 Qe6 26. Rxd6 Rhe8 27. g3 Rxd6 28. Rxd6 Qxa2 29. Qf6 Kg8 30. Rd8 Rxd8 31. Qxd8+ Kh7 32. Qc7 Qe6 33. Qc3 h5 34. h4 Qd5 35. Kf1 Qd1+ 36. Kg2 Qd5+ 37. Kf1 Qd1+ 38. Kg2 Qd5+ 39. Kf1 1/2-1/2